Villes capitale de France - Mort Subite - Statistiques

Statistiques générales
  • Ce quiz a été pris 808 fois
  • Le résultat moyen est 4 sur 12
Answers on the Grid
Answers color-coded by a green-red scale on the quiz's grid according to % correct below.
Aix-la-Chapelle
Laon
Paris
Troyes
Tours
Blois
Versailles
Bordeaux
Clermont-Ferrand
Vichy
Bayeux
Lille
Rennes
Nantes
Toul
Kinshasa
Amiens
Vaulx-en-Velin
Sens
Provins
 
Statistiques - réponses
Réponse % Correct
Paris
77%
Versailles
51%
Vichy
51%
Bordeaux
40%
Aix-la-Chapelle
34%
Tours
25%
Blois
20%
Clermont-Ferrand
15%
Troyes
15%
Bayeux
11%
Laon
9%
Provins
8%
Aucun quiz correspondant
Distribution des résultats
% des personnes avec chaque résultat
Percentile par nombre de réponses
Votre historique - résultats
Vous n’avez pas pris ce quiz